| 000 | 00883cam a2200265 a 4500 | ||
|---|---|---|---|
| 020 | _a0140469184 : | ||
| 040 | _cDLC | ||
| 082 | 0 | 0 | _a780 PEN 1992 A086 Or. |
| 100 | 1 | _aMarch, Ivan. | |
| 245 | 1 | 4 | _aThe Penguin guide to compact discs and cassettes / |
| 250 | _aNew ed. | ||
| 260 |
_aLondon ; _aNew York : _bPenguin Books, _c1992. |
||
| 300 |
_axviii, 1348 p. ; _c24 cm. |
||
| 490 | 0 | _aPenguin handbooks | |
| 500 | _aA distillation of: The Penguin guide to compact discs ; The Penguin guide to compact discs and cassettes yearbook, 1991/2 / Edward Greenfield, Albert Layton, and Ivan March. | ||
| 500 | _a"A Penguin original"--Label on cover. | ||
| 650 | 0 | _aCompact discs | |
| 650 | 0 | _aAudiocassettes | |
| 650 | 0 | _aMusic | |
| 700 | 1 | _aGreenfield, Edward. | |
| 700 | 1 | _aLayton, Robert, | |
| 700 | 1 | _aGreenfield, Edward. | |
| 700 | 1 | _aGreenfield, Edward. | |
| 942 | _cEK | ||
| 999 |
_c12815 _d12815 |
||